Statistics for Game of Thrones Season 5

Click here to take the quiz!

General Stats

  • This quiz has been taken 961 times
    (959 since last reset)
  • The average score is 13 of 18

Answer Stats

HintAnswer% Correct
Who is the Lord Commander of the Nights Watch?Jon Snow
97%
Who was shot through the heart with an arrow mercifully to avoid being burned to death?Mance Rayder
92%
What House is currently in control of Winterfell and "Wardens of the North"?House Bolton
91%
Who did Sansa Stark get married to?Ramsay Bolton
90%
Who is arrested by the High Sparrow for incest, regicide and other various crimes?Cersei Lannister
88%
Jaime Lannister and Bronn are off to Dorne to "rescue" who?Princess Myrcella Baratheon
88%
Who is currently imprisoned for a false testimony about her brothers affairsQueen Margaery Tyrell
86%
Who is essentially imprisoned for being a homosexual?Ser Lorace Tyrell
84%
What is the name for the militant group rebelling against Daenerys Targayen, using guerilla tactics against her unsullied in the streets?Sons of the Harpy
80%
What disease does Ser Jorah Mormont contract while fighting the Stone MenGreyscale
74%
Who is the red haired unofficial leader of the Wildlings?Tormund Giantsbayne
72%
What is the collective name for Prince Oberyn's daughters, seeking revenge for their fathers untimely death?The Sand Snakes
71%
What is the name of the assasains guild that Arya Stark has joined in Braavos?The Faceless Men
65%
Which of Daenerys' Queensguard dies due to an attack from the Sons of the Harpy?Ser Barristan Selmy
62%
Who plans to invade Winterfell and take it from ^ ?Stannis Baratheon
62%
Who was beheaded for continuously disobeying orders from the new Lord Commander?Janos Slynt
58%
Who is the character that actually seems to die of natural causes?Maester Aemon Targaryen
57%
What is the leader of the White Walkers referred to as?The Night's King
31%

Score Distribution

Percentile by Number Answered

Percent of People with Each Score

Your Score History

You have not taken this quiz since the last reset